header

Modeling and simulation in the medical and health sciences (Record no. 247116)

MARC details
000 -LEADER
fixed length control field 01206nam a2200289Ia 4500
245 00 - TITLE STATEMENT
Title Modeling and simulation in the medical and health sciences
260 ## - PUBLICATION, DISTRIBUTION, ETC. (IMPRINT)
Place of publication Hoboken, NJ :
Name of publisher Wiley,
Year of publication c2011.
300 ## - PHYSICAL DESCRIPTION
Number of Pages xviii, 209 p. :
Other physical details ill.
650 #0 - SUBJECT ADDED ENTRY--TOPICAL TERM
Topical Term Medical education
Topical Term Computer simulation.
700 1# - ADDED ENTRY--PERSONAL NAME
Personal name Banks, Catherine M.,
Personal name Sokolowski, John A.,
856 40 - ELECTRONIC LOCATION AND ACCESS
Uniform Resource Identifier http://site.ebrary.com/lib/rucke/Doc?id=10446648

No items available.

© 2026 Rongo University
Contact us: librarian | system librarian | Rongo university